000 02496nam a2200241 4500
003 vecauma
005 20260311192119.0
007 ta
008 260311b ve ||||| |||| 00| 0 spa d
020 _a9588165040
040 _avecauma
_bspa
_cvecauma
_dvecauma
_erda
041 _aspa
100 1 _eautor
245 1 _aLa comunicación frente al desarrollo humano y social: Balance y prospectiva
_c/Javier Esteinou Madrid, Carmen Gómez Mont, Marcelino Bisbal, Eduardo Posada, Antonio Roveda Hoyos, Alma Montoya, Germán Muñoz Marisol Cano, Lino Uribe, Rafael Obregón, Juan Guillermo Árias, Henry Calderón
264 _aBogotá:
_bUniminuto;
_c2001.
300 _a200 páginas.
336 _atexto
_btxt
_2rdacontenido
337 _ano mediado
_bn
_2rdamedio
338 _avolumen
_bnc
_2rdasoporte
520 3 _aPensar la comunicación desde el desarrollo humano y social, sostenible e integral, se constituye en el gran campo de investigación de la Facultad de Comunicación Social-Periodismo de la Corporación Universitaria Minuto de Dios. La comunicación para el desarrollo y el desarrollo de la comunicación, como concepto-acción, herramienta y útil instrumento social que dinamiza, anima, construye, deconstruye y reactiva procesos al interior de la sociedad es, entre otras, una de las fundamentales preocupaciones teóricas y prácticas para la Facultad, que aún hoy, después de más de ocho años, es objeto de análisis permanente. Este libro compila una serie de reflexiones, ensayos y discusiones, producto del pensamiento de los ponentes que participaron en el XVIII Encuentro Académico de Afacom, quienes hicieron un gran esfuerzo por sintetizar la amplia y abundante historiografía de la comunicación, su relación con el desarrollo humano social en el siglo XX y su prospectiva para este siglo. El Encuentro fue realizado en la modalidad de ponencias centrales y grupos de reflexión y, su propósito esencial, radicó en la construcción de un espacio académico, amplio e interdisciplinario, en donde pudieran converger y dialogar distintas posturas y lecturas de la comunicación como ciencia, como fenómeno, como práctica social; su compromiso y relación con las ideas de desarrollo continental, y su resignificación para nuestro tiempo. Obviamente, también tuvimos la visión del periodismo, de las tecnologías de la información y su papel en el mundo contemporáneo.
942 1 _2lcc
_n0
_cBK
999 _c13239
_d13239